Loading...
Fine Arts - Classical Music | 7 | 15.71 | 86% | 29% | 43% |
Fine Arts - Other Fine Arts | 4 | 20.00 | 75% | 100% | 25% |
Fine Arts - Visual Fine Arts | 4 | 15.00 | 75% | 75% | 0% |
Geography/Current Events | 2 | 20.00 | 100% | 100% | 0% |
History - American History | 2 | 20.00 | 100% | 50% | 50% |
History - European History | 8 | 15.00 | 88% | 50% | 13% |
History - Other History | 5 | 14.00 | 80% | 40% | 20% |
History - World History | 6 | 21.67 | 100% | 100% | 17% |
Literature - American Literature | 7 | 18.57 | 100% | 57% | 29% |
Literature - British Literature | 6 | 18.33 | 100% | 50% | 33% |
Literature - European Literature | 5 | 16.00 | 80% | 80% | 0% |
Literature - World/Other Literature | 7 | 17.14 | 100% | 57% | 14% |
Mythology | 4 | 20.00 | 75% | 75% | 50% |
Other Academic | 2 | 15.00 | 100% | 50% | 0% |
Philosophy | 7 | 14.29 | 100% | 29% | 14% |
Pop Culture | 1 | 30.00 | 100% | 100% | 100% |
Religion | 7 | 11.43 | 86% | 29% | 0% |
Science - Biology | 6 | 13.33 | 100% | 33% | 0% |
Science - Chemistry | 5 | 18.00 | 100% | 60% | 20% |
Science - Other Science | 5 | 18.00 | 80% | 80% | 20% |
Science - Physics | 7 | 20.00 | 86% | 100% | 14% |
Social Science | 9 | 14.44 | 100% | 44% | 0% |
World/Other Literature> | 1 | 20.00 | 100% | 100% | 0% |